Sports Quiz

Random Sports or NHL Quiz

Same First Name (Sports) Quiz Stats

 Plays Quiz Updated Mar 8, 2018

Score 0/50 Timer 05:00
1 Play Today
Last Name First Name % Correct
Madden, Stockton, CenaJohn
94.2%
Johnson, Jordan, VickMichael
93%
Ortiz, Wright, BeckhamDavid
90.1%
Tebow, Duncan, HightowerTim
89.5%
Jackson, Brady, TupaTom
89.4%
Smith, Nash, SpurrierSteve
89.2%
McGwire, Sanchez, MartinMark
88.7%
Johnson, Agassi, IguodalaAndre
88.2%
Johnson, Fitzgerald, BirdLarry
86.3%
Chrebet, Gretzky, EllingtonWayne
86.3%
Ryan, Hasselbeck, LeinartMatt
85.8%
Aikman, Polamalu, SmithTroy
85.3%
Bledsoe, Rosenhaus, BreesDrew
84.4%
Belichick, Goldberg, WaltonBill
84%
Del Rio, Nicklaus, YoungbloodJack
83.7%
Orton, Moss, JohnsonRandy
83.7%
Gibbs, Paterno, JohnsonJoe
83.4%
Garnett, Harvick, SmithKevin
82.6%
Pennington, Henne, OchocincoChad
82.4%
Simmons, Artest, JaworskiRon
81.5%
Maddux, Oden, NormanGreg
81.1%
Jones, Rice, BussJerry
80.2%
Flutie, Williams, MientkiewiczDoug
79.5%
Gonzalez, Hawk, StewartTony
79.5%
Morrison, Dunn, VinatieriAdam
78.7%
Last Name First Name % Correct
Lemieux, Williams, ManninghamMario
78.6%
Orton, Busch, BollerKyle
78.6%
Gordon, Garcia, KentJeff
78.1%
Chavez, Erving, PeppersJulius
77.5%
Johnson, Rollins, ClausenJimmy
77.4%
Bowden, Abreu, LashleyBobby
77%
McMahon, Carter, YoungVince
76.1%
Witten, Campbell, TerryJason
74.6%
Jackson, White, WayneReggie
73.4%
Jones, Williams, HalladayRoy
72.7%
Dilfer, Edwards, GreenTrent
72.4%
McKie, Rodgers, BrooksAaron
71.9%
Johnson, Chambers, CooleyChris
71%
Kwan, Wie, McCoolMichelle
71%
Washington, Camby, AllenMarcus
69.3%
Gomez, Rolen, PodsednikScott
68.6%
Clark, Zimmerman, HowardRyan
67.4%
Tillman, Summerall, WilliamsPat
67.3%
Lewis, Edwards, PavanoCarl
67.2%
Rubio, Williams, HattonRicky
65.4%
Mason, Thomas, RoseDerrick
60.4%
Penny, Miller, DaughertyBrad
59.3%
Gradkowski, Smith, BowenBruce
59.3%
Johnson, Bowe, JarrettDwayne
55.3%
Marquez, Montoya, GonzalezJuan
51.7%

You're not logged in!

Compare scores with friends on all Sporcle quizzes.
OR
Log In

Sporcle TV

Today on Sporcle TV


Watch our educational content, quiz creation guides, and fun videos on Sporcle TV.

Show Comments

Extras

Top Quizzes Today


Score Distribution

Your Account Isn't Verified!

In order to create a playlist on Sporcle, you need to verify the email address you used during registration. Go to your Sporcle Settings to finish the process.

Report this User

Report this user for behavior that violates our Community Guidelines.

Details: